000 02057nam a2200565 a 4500
005 20240806105620.0
008 100303t2021||||ag a f |||| 001 0 spa d
020 _a9789500209045
041 _aspa
092 _c574.19
_l7
_sBLA
100 1 _aBlanco, Antonio.
_9148
245 _aQuímica biológica /
_cAntonio Blanco.
250 _a10a ed.
260 _aBuenos Aires:
_bEl Ateneo;
_c2021.
300 _a722 p.
500 _aBlanco, A. y Blanco, G. (2021). Química biológica. (10a ed.). Buenos Aires : El Ateneo.
653 _aComposición química de los seres vivientes
653 _aAgua
653 _aProteínas
653 _aHidratos de carbono
653 _aLípidos
653 _aAcidos nucleicos
653 _aElementos de termodinámica y cinética bioquímicas
653 _aEnzimas
653 _aOxidaciones biológicas. Bioenergética
653 _aMembranas
653 _aDigestión. Absorción
653 _aMetabolismo
653 _aMetabolismo de hidratos de carbono
653 _aMetabolismo de lípidos
653 _aMetabolismo de aminoácidos
653 _aMetabolismo del hemo
653 _aMetabolismo de purinas y pirimidinas
653 _aIntegración y regulación del metabolismo
653 _aMetabolismo de algunos tejidos
653 _aLa información genética (I). Replicación y transcripción
653 _aLa informacion genética(II). Biosíntesis de proteínas
653 _aRegulación de la expresión génica
653 _aModificaciones postraducción de proteínas
653 _aBases bioquímicas de la endocrinología (I). Receptores y tranductores de señales
653 _aBases bioquímicas de la endocrinología (II). Hormonas y otros intermediarios químicos
653 _aVitaminas
653 _aBalance hidrico y equilibrio ácido base
653 _aComponentes minerales esenciales
653 _aBases moleculares de la inmunidad
653 _aHemostasis
653 _aApoptosis
700 1 _aBlanco, Gustavo
_91869
942 _2ddc
_cBK
999 _c3119
_d3119